000 02469nam a22003377a 4500
005 20111228110557.0
010 _aB-470825-835
020 _a9788128628900
_c40.00
035 _aB-470825-835
037 _bBlue Berry/Ven
082 _aS
100 _aBlyton, Enid
_952696
245 _aNoddy loses sixpence /
_cby Enid Blyton
260 _aMumbai
_bEuro Books
_c2011
270 _aDani Corporat e Park, First Floor, 158, Vidyanagari Marg, Kalina, Santacruz
_bMumbai
_e400098
300 _aunpages
_bill.
_c20cm(pbk)
490 _aNody
_952697
942 _2ddc
_cCH
_mBLY
_hS
999 _c60057
_d60057